| 000 | 00560nam a2200181 a 4500 | ||
|---|---|---|---|
| 001 | 2457 | ||
| 005 | 20180713182434.0 | ||
| 008 | 140415s1988 mx 000 0 spa d | ||
| 041 | _aspa | ||
| 082 |
_a342.04272 _bFAY |
||
| 100 | 1 | _aFAYA VIESCA, JACINTO | |
| 245 | 1 | 3 | _aEL FEDERALISMO MEXICANO REGIMEN CONSTITUCIONAL DEL SIST... |
| 250 | _a1a ed. | ||
| 260 |
_aMEXICO : _bINSTITUTO NACIONAL DE ADMINISTRACION PUBLICA, _c1988 |
||
| 300 | _a302 | ||
| 490 | _aLIBROS DE TEXTO | ||
| 650 | 1 | 4 |
_aDESCENTRALIZACION ADMINISTRATIVA _xFEDERALISMO _xMEXICO |
| 999 |
_c2457 _d2457 |
||